000
00283nam a2200121Ia 4500
005
20260326100048.0
008
260326s9999||||xx |||||||||||||| ||und||
100
_a
Daza, Ricardo
245
0
_a
Looking for Mies /
_c
Ricardo Daza
260
_b
ACTAR
650
_a
ARQUITECTOS
942
_c
BK
999
_c
7279
_d
7279